| 000 | 00947cam a2200265 a 4500 | ||
|---|---|---|---|
| 001 | 29867 | ||
| 003 | BD-RjUL | ||
| 005 | 20211209051456.0 | ||
| 008 | 140407s1921 vra 001 0 eng d | ||
| 035 | _a(BD-RjUL)29952 | ||
| 035 | _a1802525 | ||
| 040 |
_aANL _beng _cANL _dANL |
||
| 041 | _aeng | ||
| 082 |
_a658 _bHEB 1921 _223 |
||
| 100 | 1 |
_aHemingway, Wilfred H. _q(Wilfred Hubert), _d1879- _990869 |
|
| 245 | 1 | 4 |
_aThe business man's compendium / _cby Wilfred H. Hemingway. |
| 260 |
_aMelbourne : _bHemingway and Robertson's Australasian Correspondence Schools Ltd., _c1921 _e(Melbourne : _fJ.C. Stephens Pty. Ltd.) |
||
| 300 |
_a4 v. (2022) p. ; _c25 cm. |
||
| 504 | _aIncludes index. | ||
| 505 | 0 | _avol 1 -- vol 3 -- | |
| 650 | 0 |
_aBusiness _xOutlines, syllabi, etc. _990870 |
|
| 650 | 0 |
_aCommercial law _zAustralia _xOutlines, syllabi, etc. _990871 |
|
| 650 | 0 |
_aCommercial law _zNew Zealand _xOutlines, syllabi, etc. _990872 |
|
| 942 |
_2ddc _cBK |
||
| 999 |
_c29867 _d29867 |
||